It looks like you're offline.
Open Library logo
additional options menu

MARC record from Internet Archive

LEADER: 03790cas 2200697 4500
001 11154974
005 20100802103954.0
007 t|
008 750824c19629999miutr p b 0 a0eng c
010 $a 62052046
012 $a-3-7-1002162315-p-----
022 0 $a0010-7468$l0010-7468$21
035 $a(OCoLC)ocm01564953
037 $bGale, 27500 Drake Rd., Farmington Hills, MI 48331-3535
040 $aMnMULS$cMnMULS$dOCoLC$dNIC$dCtY$dCU-UC$dNIC$dInU$dDLC$dN$dMH$dNSDP$dDLC$dMnMULS$dOCoLC$dNSDP$dOCoLC$dInU$dOCoLC$dNST$dN$dNST$dOCoLC$dInU$dDLC$dInU$dMH$dGU$dNLGGC$dCaQQL$dCU-Riv$dDLC$dOCoLC
042 $ansdp$apcc$apremarc
043 $an-us---
050 00 $aZ1224$b.C6
050 14 $aPN451$b.C65
082 04 $a928.1
210 0 $aContemp. authors
222 0 $aContemporary authors
245 00 $aContemporary authors;$ba bio-bibliographical guide to current writers in fiction, general nonfiction, poetry, journalism, drama, motion pictures, television and other fields.
249 0 $iACQUIRE Title:$aContemporary authors : a bio-bibliographical guide to current writers in fiction, general nonfiction, poetry, journalism, drama, motion pictures, television and other fields
260 $aDetroit$b[Gale, Cengage Learning, etc.]
300 $av.$c26-29 cm.
310 $aThree vols. a year
362 0 $av. 1- 1962-
500 $aSubtitle varies slightly.
500 $aPublished by Gale Research Co., 1962-
515 $a"Each year's volumes are revised about five years later."
515 $aVols. called First revision v. 1-44 published c1962-1979.
515 $aVols. 101- carry single volume numbers.
555 $aVols. 1-12, 1962-65 in v. 11-12; vols. 1-32, 1962-72, in v. 29-32; vols. 1-40, 1962-73, in v. 37-40; vols. 1-48, 1962-74, in v. 45-48; vols. 1-56, 1962-75, in v. 53-56; vols. 1-64, 1962-76, in v. 61-64; vols. 1-100, 1962-81, in v. 97-100; vols. 1-102 in v. 102; vols. 1-104 in v. 104; vols. 1-106 in v. 106; vols. v. 1-108 in v. 108; vols. 1-110 in v. 110; vols. 1-114 in v. 114; vols. v. 1-116 in v. 116; vols. 1-118 in v. 118; vols. 1-120 in v. 120; vols. 1-122 in v. 122; vols. 1-124 in v. 124; vols. 1-126 in v. 126.
555 $aSeparately issued cumulative index for <vols. 1-88, published in 1980->
580 $aHas companion vol., 1984- : Contemporary authors autobiography series.
590 $aSERBIB/SERLOC merged record
592 $aACQN: aq 94013624
650 0 $aAuthors, American$y20th century$vPeriodicals.
651 0 $aUnited States$vBio-bibliography$vPeriodicals.
650 0 $aAuthors, American$vPeriodicals.
650 0 $aLiterature, Modern$y20th century$vBio-bibliography$vPeriodicals.
650 17 $aSchrijvers.$2gtt
650 6 $aÉcrivains américains.
651 6 $aÉtats-Unis$vBiobibliographie.
710 2 $aGale Research Company.
776 08 $iAlso issued online (subscription required for access):$tContemporary authors (Online)$w(DLC)sn 96034001$w(OCoLC)34147533
780 05 $tContemporary authors autobiography series$x0748-0636$w(OCoLC)10881327
787 1 $tContemporary authors autobiography series$x0748-0636$w(OCoLC)10881327
850 $aCSt$aCaOWA$aDLC$aInU$aKMK$aN$aNN$aNNC$aOU$aOrU
852 $xuniversal pattern
859 41 $uhttp://galenet.gale.com/m/mcp/db/ca
853 03 $81$av.$i(year)$wu
863 40 $81.1$a<193>$i<2002>
890 $aContemporary authors; a bio-bibliographical guide to current writers in fiction, general nonfiction, ...$isv91-6961
906 $a7$bcbc$cserials$du$encip$f19$gn-oclcserc
920 $aKeep 2
936 $av. 101 (surrogate)$av. 271 (2008);$aPR 185503895 243423578 424052261
984 $asrvf dg15$d2003-04-09
985 $eeserial 200406
991 $br-MRR$hZ1224$i.C6$tSet 1$mBiog$zAll volumes$wGenBib bi 87-026424